000 00486nam a2200181Ia 4500
001 22656
005 20260414150845.0
008 260414t2005||||xx |||||||||||||| ||spa||
041 _aESP
082 _a621.3827
_bE84
100 _aEspaña Boquera, María Carmen
_eAUT
245 0 _aComunicaciones ópticas :
_bconceptos esenciales y resolución de ejercicios
260 _c2005
300 _a390 páginas :
_c24 cm.
650 _aTCA
654 _aCET
942 _cLIB
_dJUS
_fJUS
_2ddc
_n
999 _c22656
_d22656